00324 a2200133 450000100060000002000150000604000240002110000330004524000350007824500300011330000070014336200090015065000310015970387 a8590684504 cAnchieta - Itaigara aSantos, Ana Lúcia de Souza10aHistórias da vovó Analpor10aHistórias da vovó Ana a590 a2006 4aLiteratura infanto-juvenil